00595nam a2200205 a 450000100060000000300090000600800410001502000150005604000280007108200160009910000350011524500410015026000300019130000100022149000550023165000420028665000220032865000200035065000190037019471CO-ViMGA141112s2004 ck r 000 u spa d a9507243917 aCO-ViMGAbspacCO-ViMGA04a361.2 A484a1 aAguilar Ibañez, María Jose10aLa Acción social a nivel municipal aBuenos Aires; Lumen; 1994 a225 p aColección Política, Servicios y Trabajo Social14aBIENESTAR SOCIAL Y GOBIERNO MUNICIPAL14aPolítica SOCIAL14aSERVICIO SOCIAL14aTRABAJO SOCIAL